| 000 | 00360nam a2200121Ia 4500 | ||
|---|---|---|---|
| 008 | 220204s9999 xx 000 0 und d | ||
| 082 |
_a651 _bLIT |
||
| 100 | _aLittefield, C L | ||
| 245 | 0 | _aOffice and administrative management: Systems and analysis data processing and office services | |
| 250 | _a3 | ||
| 260 |
_aNew Delhi _bPrentice hall _c1976 |
||
| 942 | _cBK | ||
| 999 |
_c30573 _d30573 |
||